000 00286nam a2200109Ia 4500
008 201217s9999 xx 000 0 und d
100 _aCathie, John
245 0 _a(The) Political Economy of Food Aid
260 _aAldershot
_bGower Publishing Company Limited
300 _a190
942 _cBK
999 _c6951
_d6951